¿Cómo explicar la muerte y la ausencia a los niños? (Record no. 116291)
[ view plain ]
| 000 -CABECERA | |
|---|---|
| campo de control de longitud fija | 00453nab a2200181 a 4500 |
| 005 - FECHA Y HORA DE LA ÚLTIMA TRANSACCIÓN | |
| campo de control | 20210219155400.0 |
| 008 - ELEMENTOS DE LONGITUD FIJA--INFORMACIÓN GENERAL | |
| campo de control de longitud fija | 991125s1985 mx 000 0 spa u |
| 035 ## - NÚMERO DE CONTROL DEL SISTEMA | |
| Número de control de sistema | UPN01000144144 |
| 222 ## - TÍTULO CLAVE | |
| Título clave | ESCUELA Y FAMILIA |
| 245 ## - MENCIÓN DE TÍTULO | |
| Título | ¿Cómo explicar la muerte y la ausencia a los niños? |
| 260 ## - PUBLICACIÓN, DISTRIBUCIÓN, ETC. | |
| Lugar de publicación, distribución, etc. | México |
| 300 ## - DESCRIPCIÓN FÍSICA | |
| Extensión | 17-19 |
| 362 0# - FECHAS DE PUBLICACIÓN Y/O DESIGNACIÓN SECUENCIAL | |
| Fecha de publicación y/o designación secuencial | 2004 No. 6, oct. |
| 653 0# - TERMINO DE INDIZACION - NO CONTROLADO | |
| Término no controlado | FAMILIA |
| 653 0# - TERMINO DE INDIZACION - NO CONTROLADO | |
| Término no controlado | SENTIMIENTOS |
| 653 0# - TERMINO DE INDIZACION - NO CONTROLADO | |
| Término no controlado | VIDA |
| 905 ## - TIPO DE MATERIAL | |
| Tipo de material | Articulo |
No items available.
